| 000 | 00975pam a2200277 a 4500 | ||
|---|---|---|---|
| 001 | 45998 | ||
| 003 | OSt | ||
| 005 | 20150617121743.0 | ||
| 008 | 970805s1998 maua b 001 0 eng | ||
| 020 | _a0256247382 (alk. paper) | ||
| 040 |
_aDLC _cDLC _dDLC |
||
| 050 | 0 | 0 |
_aHF5635 _b.H543 1998 |
| 082 | 0 | 0 |
_aR/657 HER (45998) _221 |
| 100 | 1 | _aHermanson, Roger H. | |
| 245 | 1 | 0 |
_aFinancial accounting : _ba business perspective / _cRoger H. Hermnson, James Don Edwards. |
| 250 | _a7th ed. | ||
| 260 |
_aBoston : _bIrwin/McGraw-Hill, _cc1998. |
||
| 300 |
_axxvi, 680, 27 p. : _bill. ; _c29 cm. |
||
| 440 | 4 | _aThe Irwin/McGraw-Hill series in principles of accounting | |
| 504 | _aIncludes bibliographical references and index. | ||
| 650 | 0 | _aAccounting. | |
| 700 | 1 | _aEdwards, James Don. | |
| 906 |
_a7 _bcbc _corignew _d1 _eocip _f19 _gy-gencatlg |
||
| 942 |
_2ddc _cBK |
||
| 999 |
_c3300 _d3300 |
||